Sex chromatin tests in human tumours

Elmentve itt :
Bibliográfiai részletek
Szerzők: Baradnay Gyula
Mónus Zoltán
Testületi szerző: Annual Meeting of Hungarian Pathologists and Anatomists (1966) (Szeged)
Dokumentumtípus: Cikk
Megjelent: 1966
Sorozat:Kolligátum
Kulcsszavak:Patológia
Online Access:http://misc.bibl.u-szeged.hu/26907
LEADER 00641nab a2200193 i 4500
001 misc26907
005 20191111110340.0
008 171021s1966 hu o 0|| zxx d
040 |a SZTE Miscellanea Repozitórium  |b hun 
041 |a zxx 
100 1 |a Baradnay Gyula 
245 1 0 |a Sex chromatin tests in human tumours  |h [elektronikus dokumentum] /  |c  Baradnay Gyula 
260 |c 1966 
300 |a 1 
490 0 |a Kolligátum 
695 |a Patológia 
700 0 1 |a Mónus Zoltán  |e aut 
710 |a Annual Meeting of Hungarian Pathologists and Anatomists (1966) (Szeged) 
856 4 0 |u http://misc.bibl.u-szeged.hu/26907/1/019_023_001.pdf  |z Dokumentum-elérés